| 000 | 00565nam a2200217Ia 4500 | ||
|---|---|---|---|
| 003 | OSt | ||
| 005 | 20220926042238.0 | ||
| 006 | a|||||r|||| 00| 0 | ||
| 007 | ta | ||
| 008 | 220923b |||||||| |||| 00| 0 eng d | ||
| 037 | _cGeneral Book | ||
| 040 |
_aRTL _cRTL _beng |
||
| 041 |
_2eng _aeng |
||
| 082 | _aZ2,7,16.N40:g, qJ8 | ||
| 100 |
_aSingh Shambhu Dayal _9345986 |
||
| 245 | 0 | _aLaw of arbitration | |
| 260 | _c1958 | ||
| 650 | _aIndian Law | ||
| 942 |
_hZ2,7,16.N40:g, qJ8 _cGB _2CC |
||
| 999 |
_c669231 _d669231 |
||